| 000 | 00642nam a22001937a 4500 | ||
|---|---|---|---|
| 005 | 20240408155251.0 | ||
| 010 | _aB-758618 | ||
| 020 |
_c550.00 _a9780761995418 |
||
| 035 | _aB-758618 | ||
| 037 | _bGift/Unesco | ||
| 082 | _a306.0954792 | ||
| 100 |
_aPrabhu, K. Seeta _964407 |
||
| 245 |
_aEconomic Reform and Social Sector Development; _bA Study of Two Indian States/ _cK. Seeta Prabhu |
||
| 260 |
_aNew Delhi _bSage Publications _c2001 |
||
| 270 |
_aB1/1-1 Mohan Cooprative Industrial Area, Mathura Road , _bNew Delhi _e110044 |
||
| 300 |
_a371p. _c22cm(Hb) |
||
| 500 | _a index. | ||
| 942 |
_2ddc _cEN _h306.0954792 _mPRA |
||
| 999 |
_c201980 _d201980 |
||